• 首页
  • 本馆介绍
  • 公告通知
  • 最新文献
  • 馆藏检索
  • 电子资源
  • 读者导购
  • 参考咨询
  • 我的图书馆
  • 登录
  • 详细信息显示
  • 放入我的书架
  • 预约/预借图书
  • 作者相关作品
  • 分类相关作品
  • 丛书相关作品
  • 出版社相关作品

书目信息

  • 表格格式
  • 工作单格式
  • 卡片格式
题名:
教育教学知识与能力
    
 
作者: 彭玲艺 , 何杰 , 何君辉 主编
分册:   小学
出版信息: 南京   南京大学出版社  2021.01
页数: 356页
开本: 26cm
丛书名: 国家教师资格考试指导丛书
单 册:
中图分类: G451.1 , G625.1
科图分类:
主题词: 教学能力--jiao xue neng li--资格考试--自学参考资料 , 小学教师--xiao xue jiao shi--教学能力--资格考试--自学参考资料
电子资源:
ISBN: 978-7-305-20844-7
000 01444nam 2200349 450
001 012001001092
005 20141202110731.0
010    @a978-7-305-20844-7@dCNY49.80
099    @aCAL 012019064052
100    @a20220905d2018 em y0chiy50 ea
101 0  @achi
102    @aCN@b320000
105    @ak a 000yy
106    @ar
200 1  @a教育教学知识与能力@Ajiao yu jiao xue zhi shi yu neng li@i小学@f主编彭玲艺, 何杰, 何君辉
210    @a南京@c南京大学出版社@d2021.01
215    @a356页@d26cm
225 2  @a国家教师资格考试指导丛书@Aguo jia jiao shi zi ge kao shi zhi dao cong shu
300    @a国家教师资格考试专用教材 适用于全国统考省(市、自治区) 严格依据国家教师资格考试大纲编写
320    @a有书目 (第356页)
330    @a本书充分把握我国教师职业对小学教师教育教学能力的要求,以现行考试大纲为编写依据,结合近年来的教师资格考试国考试题,阐释了大纲对小学教师考核所要求的知识体系,旨在帮助考生有效备考,提升考生们在“小学教育教学知识与能力”科目中的笔试能力。
333    @a参加教师资格考试的考生
410  0 @12001 @a国家教师资格考试指导丛书
606 0  @a教学能力@Ajiao xue neng li@x资格考试@j自学参考资料
606 0  @a小学教师@Axiao xue jiao shi@x教学能力@x资格考试@j自学参考资料
690    @aG451.1@v5
690    @aG625.1@v5
701  0 @a彭玲艺@Apeng ling yi@4主编
701  0 @a何杰@Ahe jie@4主编
701  0 @a何君辉@Ahe jun hui@4主编
801  0 @aCN@bAHXH@c20221111
905    @b1370417-21@dG451.1@e543@f5
    
    教育教学知识与能力.小学/主编彭玲艺, 何杰, 何君辉.-南京:南京大学出版社,2021.01
    356页;26cm.-(国家教师资格考试指导丛书)
    国家教师资格考试专用教材 适用于全国统考省(市、自治区) 严格依据国家教师资格考试大纲编写.-使用对象:参加教师资格考试的考生
    
    ISBN 978-7-305-20844-7:CNY49.80
    本书充分把握我国教师职业对小学教师教育教学能力的要求,以现行考试大纲为编写依据,结合近年来的教师资格考试国考试题,阐释了大纲对小学教师考核所要求的知识体系,旨在帮助考生有效备考,提升考生们在“小学教育教学知识与能力”科目中的笔试能力。
●
相关链接 在E读中查询图书 在五车中查询图书 在当当中查询图书 在豆瓣中查询图书


正题名:教育教学知识与能力     索取号:G451.1/543         预约/预借

序号 登录号 条形码 馆藏地/架位号 状态 备注
1 1370417   213704179   第一样本阅览室/ [索取号:G451.1/543] 在馆    
2 1370418   213704188   教育系资料室/ [索取号:G451.1/543] 在馆    
3 1370419   213704197   教育系资料室/ [索取号:G451.1/543] 在馆    
4 1370420   213704204   第四借阅区/ [索取号:G451.1/543] 在馆    
5 1370421   213704213   第四借阅区/ [索取号:G451.1/543] 在馆    
唐山师范学院图书馆 欢迎您!
大连网信软件有限公司© 版权所有